| 000 | 00676cam a22002413a 4500 | ||
|---|---|---|---|
| 001 | 20034 | ||
| 003 | PGUSA | ||
| 005 | 20140828083426.0 | ||
| 008 | 061207s2006||||xxu|||||s|||||000 | eng d | ||
| 040 |
_aPGUSA _beng |
||
| 042 | _adc | ||
| 050 | 4 | _aBF | |
| 100 | 1 |
_aO'Donnell, Elliott, _d1872-1965 |
|
| 245 | 1 | 0 |
_aScottish Ghost Stories _h[electronic resource] / _cElliott O'Donnell |
| 260 |
_bProject Gutenberg, _c2006 |
||
| 506 | _aPublic domain in the USA. | ||
| 516 | _aElectronic text | ||
| 653 | _aGhost stories, Scottish | ||
| 653 | _aFolklore -- Scotland | ||
| 830 | 0 |
_aProject Gutenberg _v20034 |
|
| 856 | 4 | 0 | _uhttp://www.gutenberg.org/ebooks/20034 |
| 942 | _cEB | ||
| 999 |
_c249289 _d249289 |
||